[Event "Heusenstamm Sparkassen op U14 7th"]
[Site "Heusenstamm"]
[Date "2021.11.21"]
[Round "7.7"]
[White "Bichert, Iwan"]
[Black "Dorfner, Jeremias"]
[Result "0-1"]
[WhiteElo "1102"]
[BlackElo "1198"]
[PlyCount "52"]
[EventDate "2021.11.19"]
[EventType "swiss"]
[EventRounds "7"]
[EventCountry "GER"]
[SourceTitle "EXT 2023"]
[Source "ChessBase"]
[SourceDate "2022.10.05"]
[SourceVersion "1"]
[SourceVersionDate "2022.10.05"]
[SourceQuality "1"]

1. e4 e5 2. Nf3 Nc6 3. c3 Nf6 4. d4 exd4 5. e5 Ng4 6. cxd4 Bb4+ 7. Bd2 Bxd2+ 8. Nbxd2 0-0 9. h3 Nh6 10. Bd3 d6 11. Ne4 dxe5 12. dxe5 Re8 13. Bb5 Bd7 14. Bxc6 Bxc6 15. Qxd8 Raxd8 16. Ned2 f6 17. 0-0-0 fxe5 18. Nc4 Bxf3 19. Rxd8 Rxd8 20. gxf3 Nf7 21. Re1 Ng5 22. Rxe5 Nxh3 23. Re7 Nxf2 24. Rxc7 Nd3+ 25. Kb1 Nb4 26. Rxb7 Rd1# 0-1

[Event "Heusenstamm Sparkassen op U14 7th"]
[Site "Heusenstamm"]
[Date "2021.11.21"]
[Round "6.10"]
[White "Sasikumar Anitha, Sarvesh"]
[Black "Bichert, Iwan"]
[Result "0-1"]
[WhiteElo "995"]
[BlackElo "1102"]
[PlyCount "104"]
[EventDate "2021.11.19"]
[EventType "swiss"]
[EventRounds "7"]
[EventCountry "GER"]
[SourceTitle "EXT 2023"]
[Source "ChessBase"]
[SourceDate "2022.10.05"]
[SourceVersion "1"]
[SourceVersionDate "2022.10.05"]
[SourceQuality "1"]

1. e4 d5 2. exd5 Nf6 3. Bb5+ Bd7 4. Bxd7+ Qxd7 5. c4 c6 6. dxc6 Nxc6 7. Nc3 e6 8. Nf3 Bd6 9. 0-0 0-0 10. d4 Bc7 11. Be3 Rad8 12. Qd3 e5 13. d5 Nb4 14. Qd1 Qd6 15. g3 e4 16. Nd4 a6 17. Nc2 Nxc2 18. Qxc2 Rfe8 19. Bg5 h5 20. Bxf6 Qxf6 21. Nxe4 Qg6 22. f3 h4 23. Qg2 hxg3 24. Nxg3 Qd3 25. Nh5 Qd4+ 26. Kh1 Bb6 27. b3 Qe5 28. f4 Qxh5 29. Rfe1 Bd4 30. Rxe8+ Rxe8 31. Rf1 Re2 32. Qg3 Rxa2 33. d6 Rd2 34. b4 Bc3 35. Rf2 Qd1+ 36. Qg1 Qxg1+ 37. Kxg1 Bd4 38. d7 Bxf2+ 39. Kf1 Rxd7 40. Kxf2 Rd4 41. b5 Rxf4+ 42. Kg3 Rxc4 43. bxa6 bxa6 44. Kf3 a5 45. Ke3 a4 46. Kd3 Rc8 47. Kd4 a3 48. Kd5 a2 49. Kd6 a1Q 50. Kd7 Qa6 51. Ke7 Rc7+ 52. Kd8 Qc8# 0-1